[Event "Moscow Winter on Kolomenskoe"]
[Site "Moscow"]
[Date "2007.02.12"]
[Round "5"]
[White "Movsesian, Mikhail"]
[Black "Vinogradov, Sergey Al"]
[Result "1/2-1/2"]
[WhiteElo "2156"]
[BlackElo "2138"]
[PlyCount "28"]
[EventDate "2007.02.08"]
[EventType "tourn"]
[EventRounds "13"]
[EventCountry "RUS"]
[SourceTitle "EXT 2019"]
[Source "ChessBase"]
[SourceDate "2018.10.10"]
[SourceVersion "1"]
[SourceVersionDate "2018.10.10"]
[SourceQuality "1"]

1. d4 d5 2. c4 Bf5 3. Nc3 e6 4. Nf3 c6 5. Bf4 Nf6 6. Qb3 b6 7. e3 Bd6 8. Bxd6 Qxd6 9. cxd5 exd5 10. Be2 Nbd7 11. 0-0 h6 12. Rac1 0-0 13. Rfd1 Rfd8 14. a3 a5 1/2-1/2

[Event "Moscow Winter on Kolomenskoe"]
[Site "Moscow"]
[Date "2007.02.11"]
[Round "4"]
[White "Vidyakin, Boris A"]
[Black "Movsesian, Mikhail"]
[Result "1/2-1/2"]
[WhiteElo "2085"]
[BlackElo "2156"]
[PlyCount "75"]
[EventDate "2007.02.08"]
[EventType "tourn"]
[EventRounds "13"]
[EventCountry "RUS"]
[SourceTitle "EXT 2019"]
[Source "ChessBase"]
[SourceDate "2018.10.10"]
[SourceVersion "1"]
[SourceVersionDate "2018.10.10"]
[SourceQuality "1"]

1. e4 Nf6 2. e5 Nd5 3. d4 d6 4. Nf3 Bg4 5. Be2 c6 6. c4 Nb6 7. Nbd2 N8d7 8. a4 a5 9. Ng5 Bxe2 10. e6 f6 11. Qxe2 fxg5 12. exd7+ Qxd7 13. c5 Nd5 14. Ne4 0-0-0 15. Bxg5 Re8 16. 0-0 e5 17. cxd6 exd4 18. Rfe1 h6 19. Bd2 Nf6 20. Nxf6 Rxe2 21. Nxd7 Rxe1+ 22. Rxe1 Kxd7 23. Re4 c5 24. Bxa5 Bxd6 25. b3 Ra8 26. Bd2 Kc6 27. Rg4 g5 28. h4 gxh4 29. Rxh4 c4 30. bxc4 Rxa4 31. g3 Rxc4 32. Rxh6 d3 33. f3 b5 34. Kf2 Kd5 35. Rh5+ Kc6 36. Rh6 Kd5 37. Rh5+ Kc6 38. Rh6 1/2-1/2

[Event "Moscow Winter on Kolomenskoe"]
[Site "Moscow"]
[Date "2007.02.08"]
[Round "1"]
[White "Efimova, Olga"]
[Black "Movsesian, Mikhail"]
[Result "1/2-1/2"]
[WhiteElo "2200"]
[BlackElo "2156"]
[PlyCount "47"]
[EventDate "2007.02.08"]
[EventType "tourn"]
[EventRounds "13"]
[EventCountry "RUS"]
[SourceTitle "EXT 2019"]
[Source "ChessBase"]
[SourceDate "2018.10.10"]
[SourceVersion "1"]
[SourceVersionDate "2018.10.10"]
[SourceQuality "1"]

1. d4 d5 2. c4 e6 3. Nc3 Nf6 4. Nf3 c6 5. Qb3 dxc4 6. Qxc4 b5 7. Qd3 Nbd7 8. Bg5 Bb7 9. e3 a6 10. Be2 c5 11. 0-0 Be7 12. Rfd1 0-0 13. dxc5 Nxc5 14. Qd4 Qxd4 15. Rxd4 Rfd8 16. Rad1 h6 17. Rxd8+ Rxd8 18. Bf4 Rxd1+ 19. Nxd1 Nd5 20. Bb8 Nb4 21. a3 Nbd3 22. Nd4 Nc1 23. Bf1 Bf6 24. Bd6 1/2-1/2